Diverzifikácia v zdravotníctve - áno, či nie?
Autori sa v príspevku pokúšajú zhodnotiť možnosti diverzifikácie v zdravotníckom zariadení a načrtávajú možné výhody tohto strategického rozhodnutia. Tiež sa zamýšľajú nad tým, ktoré druhy diverzifikácií sú vhodnejšie pre poskytovanie zdravotnej starostlivosti v zdravotníckom zariadení tak, aby nedo...
Enregistré dans:
| Auteur principal: | |
|---|---|
| Autres auteurs: | |
| Format: | Chapitre de livre |
| Langue: | slovaque |
| Sujets: | |
| Tags: |
Pas de tags, Soyez le premier à ajouter un tag!
|
MARC
| LEADER | 00000nla a2200000 4500 | ||
|---|---|---|---|
| 001 | 0221191 | ||
| 005 | 20240502073632.4 | ||
| 041 | 0 | |a slo | |
| 044 | |a SK | ||
| 245 | 1 | 0 | |a Diverzifikácia v zdravotníctve - áno, či nie? |c Mária Grüllingová, Diana Horvatová |
| 520 | |a Autori sa v príspevku pokúšajú zhodnotiť možnosti diverzifikácie v zdravotníckom zariadení a načrtávajú možné výhody tohto strategického rozhodnutia. Tiež sa zamýšľajú nad tým, ktoré druhy diverzifikácií sú vhodnejšie pre poskytovanie zdravotnej starostlivosti v zdravotníckom zariadení tak, aby nedošlo k zmene alebo až strate pôvodného zamerania zdravotníckeho zariadenia. | ||
| 610 | 2 | 0 | |a zariadenia zdravotnícke |
| 610 | 2 | 0 | |a nemocnice |
| 610 | 2 | 0 | |a starostlivosť zdravotná |
| 610 | 2 | 0 | |a diverzifikácia |
| 610 | 2 | 0 | |a zdroje finančné |
| 100 | 1 | |a Grüllingová, Mária | |
| 700 | 1 | |a Horvátová, Diana | |